Estatísticas para Emoções em Inglês

Clique aqui para jogar o quiz

Estatísticas Gerais

  • Esse quiz foi jogado 62 vezes
  • A pontuação média é 5 de 12

Estatísticas das Respostas

Resposta% Correto
happy
100%
sad
96%
angry
72%
hungry
54%
sleepy
46%
fine / good / ok
41%
scared
39%
tired
28%
bored
15%
great
7%
wonderful
7%
not so good
6%

Distribuição das Pontuações

Percentil de Números Respondidos

Porcentagem de Pessoas com Cada Pontuação

Sua Pontuação Histórica

Você não jogou esse quiz